000 00542nam a22001817a 4500
005 20160721124921.0
010 _aENG-115479
020 _a9789381384527
_c295.00
035 _aEN-99011
037 _bDBAD/PUB
082 _a070.4
100 _aRoy Barun
245 _aBeginners guide to jornalism & mass communication /
_bby Barun Roy
260 _aNew Delhi
_bV & S Publishers
_c2015
270 _aF-2/16,Ansari Road,Daryaganj
_bNew Delhi
_e110002
300 _a216p. :
_c21cm(pbk)
_bill
942 _2ddc
_cEN
_h070.4
_mROY
999 _c101409
_d101409